Révolution française - Décodeur (version difficile) - Statistiques

Statistiques générales
  • Ce quiz a été pris 633 fois
  • Le résultat moyen est 32 sur 83
Statistiques - réponses
Lettres Indices Réponses % Correct
L Roi de France guillotiné le 21 janvier 1793 Louis XVI
98%
M Reine de France guillotinée le 16 octobre 1793 Marie-Antoinette
87%
S Engagement solennel pris par les députés dans une salle de sport le 20 juin 1789 Serment du jeu de paume
85%
M Allégorie de la République française, représentant une femme coiffée d'un bonnet phrygien Marianne
81%
R Souvent associé à ce dernier, surnommé l'Incorruptible, il est à l'origine de nombreuses exécutions, ce qui a mené à sa perte Maximilien de Robespierre
80%
B Prise le 14 juillet 1789 Bastille
78%
E Première abolition de cette pratique inhumaine dans l'histoire de France avant une seconde, définitive, en 1848 Esclavage
77%
R Couleur de la guillotine Rouge
75%
T Régime politique entre 1793 et 1794 faisant couler beaucoup de sang Terreur
75%
S Révolutionnaires qualifiés selon l'absence d'un vêtement, puisqu'ils portaient des pantalons Sans-culottes
73%
A Pays d'origine et de naissance de la reine Autriche
70%
E Elles ont été fermées par dizaines dans le cadre de la déchristianisation de l'an II Églises
69%
N Nom du futur empereur qui réalise un coup d'État le 18 Brumaire an VIII Napoléon Ier
69%
L Héros aux États-Unis, il devient un acteur très important de la Révolution française en rédigeant notamment la Déclaration des Droits de l'Homme et du Citoyen Gilbert du Motier marquis de La Fayette
68%
T Ordre largement majoritaire avant 1789 Tiers état
64%
D Titre porté par le fils du roi décédé en 1789, puis par son second fils qui se fait appeler Louis XVII après la mort de son père Dauphin
61%
U Type de suffrage mis en place pour la première fois le 11 août 1792 Universel
61%
E Pays dont le roi est le cousin du roi de France Espagne
60%
D Figure de la Révolution, auteur de la célèbre citation : « Il nous faut de l’audace, encore de l’audace, toujours de l’audace, et la France est sauvée » Georges Jacques Danton
60%
N Ordre de ceux qui se battent et plus généralement des personnes les plus riches Noblesse
60%
E Recueil écrit notamment par Diderot qui concentre les savoirs de l'époque, ce qui a influencé les révolutionnaires L'Encyclopédie
59%
O Monument qui se trouve désormais sur la même place que la guillotine à Paris lors de la Révolution Obélisque
58%
E Période de l'année associée à Messidor, Thermidor et Fructidor Été
56%
V Après sa fuite le roi s'est fait reconnaitre dans ce village Varennes
56%
L Père de la chimie moderne qui n'aurait en réalité jamais prononcé la phrase "Rien ne se perd, rien ne se crée, tout se transforme" guillotinée en 1794 Antoine Lavoisier
54%
R Pays actuel qui a connu des révolutions dès le XVIe siècle qui ont pu inspirer les révolutionnaires français Royaume-Uni
54%
R Compositeur de la Marseillaise Claude Joseph Rouget de Lisle
53%
D Ils sont créés au cours de la Révolution au nombre de 83 au départ Départements
53%
E Régime politique qui a permis l'expansion des idées révolutionnaires à une grande partie de l'Europe entre 1804 et 1815 Empire
53%
A Ville devenue française en 1791, après avoir longtemps appartenu aux États pontificaux Avignon
50%
O Prénom de la rédactrice de la Déclaration des droits de la femme et de la citoyenne Olympe
50%
E Assemblée réunie en 1789, pour la première fois depuis 1614 États-Généraux
49%
E Elle est associée à la liberté dans les idées révolutionnaires Égalité
48%
O Ville associée au nom du député prénommé Louis-Philippe, père du futur roi Louis-Philippe Ier Orléans
48%
G Groupe politique opposé aux Montagnards Girondins
47%
H Pays qui obtient son indépendance de la France en 1804, après des révoltes durant la Révolution Haïti
47%
T Palais dans lequel a vécu le roi après avoir quitté Versailles pour Paris Palais des Tuileries
46%
D Régime politique entre 1795 et le coup d'État du 18 Brumaire, tirant son nom du collège de 5 chefs du gouvernement Directoire
43%
F Le roi et de nombreuses personnes prêtent serment à la Nation et à la loi sur le Champ de Mars le 14 juillet 1790 à l'occasion de cette fête Fête de la Fédération
43%
A Ça s'est passé lors de la nuit du 4 août 1789 Abolition des privilèges
42%
E Les premières après la fuite du roi ont permis une majorité de parlementaires issus de la Plaine Élections législatives
41%
I Guerre qui a creusé la dette française dans les années 1780 Guerre d'{Indépendance} {des} {États-Unis}
40%
T Période révolutionnaire entre les 27 et 29 juillet 1830 Trois Glorieuses
40%
I Régime politique entre 1792 et 1804 Ière République
37%
L Ancien membre des Inconnus qui demande la mort de "Louis Croix Vé Bâton" dans un sketch du groupe sur la Révolution Pascal Légitimus
36%
A Nom pris par les députés en 1789, utilisé sous la Ve République pour désigner la chambre basse du Parlement Assemblée nationale
33%
A Période qui précède la Révolution Ancien régime
31%
C Elle a assassiné Jean-Paul Marat Charotte Corday
31%
U Type d'institutions d'enseignement supérieur qui sont dissoutes après un décret de 1792 faisant suite à la Loi Le Chapelier Universités
30%
N Grande ville victime de "noyades" entre 1793 et 1794 Nantes
29%
U Ville allemande en 3 lettres qui a donné son nom à une bataille remporté par la France peu après la Révolution Ulm
29%
I Adjectif qualifiant la Commune de Paris de 1792 à 1795 Insurrectionnelle
27%
L Ville qui a subi des "mitraillades" notamment à cause de Fouché Lyon
27%
M Régime politique entre septembre 1791 et septembre 1792 Monarchie constitutionnelle
25%
A Célèbre phrase associée au Panthéon sur lequel elle est inscrite. Phrase prononcée pour la première fois en 1791 « {Aux} {grands} {hommes} {la} {patrie} {reconnaissante} »
24%
N Ministre des Finances régulier durant la période révolutionnaire Jacques Necker
23%
I Hôtel pillé le matin du 14 juillet 1789 Invalides
20%
D Figure de la Révolution, journaliste, grand orateur malgré son bégaiement, auteur d'un discours déclencheur des évènements du 14 juillet 1789 Camille Desmoulins
19%
T Nom de la prison dans laquelle fut enfermé le roi avant son exécution Temple
18%
E Culte religieux et civique voulu par les Révolutionnaires Culte de l'{Être} {suprême}
17%
E Prénom de la sœur du roi guillotinée le 10 mai 1794 Élisabeth
17%
R Qualifie les religieux hostiles à la Constitution civile du clergé (s'opposant aux jureurs) Réfractaires
17%
A Le futur Charles X en est le comte pendant la Révolution Artois
16%
E Associée à Fabre dans le nom d'un révolutionnaire Églantine
16%
M Autre nom donné au groupe de la Plaine Marais
15%
C Mathématicien, philosophe et membre de l'Académie française opposé à l'esclavage et en faveur de l'intégration des femmes au droit de vote Nicolas de Condorcet
14%
T Juridiction criminelle établie pour combattre la contre-révolution qui siège au palais de justice de Paris Tribunal révolutionnaire
14%
O Théâtre notamment rebaptisé "Théâtre de la Nation" au cours de la Révolution Odéon
13%
I Associé à Joseph dans le prénom de Guillotin, qui fit approuver la guillotine Ignace
11%
F Principal accusateur public durant les premières années de la Révolution française, il est surnommé le "Pourvoyeur de la guillotine" Antoine Fouquier-Tinville
8%
A Monnaie-papier d'abord titre d'emprunt qui devient rapidement une monnaie fiduciaire directe, mais qui est un échec assez rapide Assignats
8%
R Salonnière qui a accueilli de nombreuses figures de la Révolution française, ce qui a amené son mari à être ministre de l'Intérieur Manon Roland
6%
Si la femme a le droit de monter sur l'échafaud, elle doit avoir également celui de monter à la tribune.
6%
L Film de Jean Yanne se déroulant durant la Révolution Liberté, Egalité, Choucroute
5%
U Acteur interprétant Mirabeau dans le film La Révolution française de 1989 Peter Ustinov
5%
I Autre nom des Muscadins, associés aux Merveilleuses, ils correspondent à un courant de mode de la fin de la Révolution Incroyables
4%
L Autre nom de la bataille de Valmy Affaire du camp de la {Lune}
3%
E Surnom des hébertistes lors de la Révolution française Exagérés
3%
L Surnom de la guillotine en l'honneur de son concepteur prénommé Antoine Louisette / Louison
3%
O Huitième jour de la décade (semaine) dans le calendrier républicain Octidi
3%
E Réalisateur de la première partie du film La Révolution française, sous titrée "Les Années lumière" Robert Enrico
3%
M Avec Mirabeau, rédacteur du préambule de la DDHC, texte qu'il est parvenu à faire signer par le roi Jean-Joseph Mounier
2%
E Le 1er vendémiaire de l'an I en est le premier jour Ère des Français
0%
Aucun quiz correspondant
Distribution des résultats
% des personnes avec chaque résultat
Percentile par nombre de réponses
Votre historique - résultats
Vous n’avez pas pris ce quiz